| 000 | 00836nam a22002657a 4500 | ||
|---|---|---|---|
| 999 |
_c8050 _d8050 |
||
| 003 | AR-CdUCM | ||
| 008 | 190322b ||||| |||| 00| 0 spa d | ||
| 040 |
_aMUNICIPALIDAD PROVINCIAL DEL CUSCO _cBIBLIOTECA MUNICIPAL DEL CUSCO |
||
| 082 |
_a333.720985 / _bR78 |
||
| 100 |
_aJorge Rojas, Bernardo _922750 |
||
| 245 | _aRecursos naturales renovables del Perú / | ||
| 260 |
_aCusco : _bAlpha Servicios Gráficos, _c2017. |
||
| 300 |
_a288 paginas ; _bIlustraciones, dibujos, _c25 cm. |
||
| 500 | _aRecursos Naturales | ||
| 650 |
_aRecursos Naturales _91988 |
||
| 650 |
_aRenovables _922751 |
||
| 650 |
_aSuelos _919092 |
||
| 650 |
_aConservación _96143 |
||
| 650 |
_aAgua _919441 |
||
| 650 |
_aAire _915839 |
||
| 650 |
_aFlora _920658 |
||
| 700 |
_aCotacallapa Sucapuca, Mario Roger _921388 |
||
| 942 |
_2ddc _cLIBROS |
||
| 945 | _apjha | ||